[Event "St Chely d'Aubrac op 7th"]
[Site "St Chely d'Aubrac"]
[Date "2007.07.18"]
[Round "6"]
[White "Viennot, Kevin"]
[Black "Godard, Steven"]
[Result "1/2-1/2"]
[WhiteElo "1760"]
[BlackElo "1499"]
[PlyCount "140"]
[EventDate "2007.07.07"]
[EventType "swiss"]
[EventRounds "9"]
[EventCountry "FRA"]
[SourceTitle "EXT 2008"]
[Source "ChessBase"]
[SourceDate "2007.11.25"]
[SourceVersion "1"]
[SourceVersionDate "2007.11.25"]
[SourceQuality "1"]

1. e4 c6 2. d4 d5 3. e5 Bf5 4. Nf3 e6 5. Be2 c5 6. 0-0 Nc6 7. Re1 Qb6 8. c3 cxd4 9. cxd4 Bb4 10. Nc3 Bxc3 11. bxc3 Nge7 12. Qd2 0-0 13. Ba3 Rfe8 14. Nh4 Be4 15. f3 Bg6 16. Nxg6 hxg6 17. Bc5 Qc7 18. Bd6 Qd7 19. Reb1 Nf5 20. Ba3 f6 21. f4 Kf7 22. Rb3 Rh8 23. Rab1 b6 24. Bb5 Qc7 25. Bc1 Na5 26. Ra3 Nc4 27. Bxc4 Qxc4 28. Rb4 Qc6 29. Qd3 Rhc8 30. Bd2 Rc7 31. Qb5 Qxb5 32. Rxb5 Rac8 33. Rb4 Ne7 34. Rba4 a5 35. Rb3 Rc6 36. Kf2 R8c7 37. Rb1 Nc8 38. Ra3 Rc4 39. Rab3 f5 40. Re1 Ra4 41. a3 Rac4 42. Re3 Rb7 43. Ke2 a4 44. Rb1 Na7 45. Rh3 Kg8 46. Kd3 Nc6 47. Rg3 Kf7 48. Rf1 Na5 49. Rff3 Nb3 50. Rh3 Nxd2 51. Kxd2 Rb8 52. Rfg3 Rc7 53. Rg5 Ra7 54. Rhg3 Ra5 55. Rxg6 Rg8 56. h4 Rb5 57. h5 Rh8 58. Rxg7+ Kf8 59. Ra7 Rxh5 60. Rxa4 Rb2+ 61. Kd3 Rh1 62. Ra8+ Kf7 63. Ra7+ Kf8 64. Rgg7 Rd1+ 65. Ke3 Rdd2 66. Rgc7 Re2+ 67. Kf3 Rf2+ 68. Kg3 Rxg2+ 69. Kh4 Rh2+ 70. Kg3 Rhg2+ 1/2-1/2

[Event "St Chely d'Aubrac op 7th"]
[Site "St Chely d'Aubrac"]
[Date "2007.07.16"]
[Round "4"]
[White "Godard, Steven"]
[Black "Carrie, Emilien"]
[Result "1-0"]
[WhiteElo "1499"]
[BlackElo "1240"]
[PlyCount "97"]
[EventDate "2007.07.07"]
[EventType "swiss"]
[EventRounds "9"]
[EventCountry "FRA"]
[SourceTitle "EXT 2008"]
[Source "ChessBase"]
[SourceDate "2007.11.25"]
[SourceVersion "1"]
[SourceVersionDate "2007.11.25"]
[SourceQuality "1"]

1. e4 e5 2. Nf3 Nc6 3. Bb5 Nf6 4. d3 Bc5 5. Bxc6 bxc6 6. Nxe5 d5 7. Bg5 Qd6 8. Nf3 dxe4 9. Qe2 Bf5 10. 0-0 0-0 11. dxe4 Bxe4 12. Bxf6 Qxf6 13. Qxe4 Rfe8 14. Qc4 Qxb2 15. Nbd2 Qb5 16. Qxb5 cxb5 17. Nb3 Bb4 18. Nfd4 a6 19. Rad1 c5 20. Nc6 Bc3 21. Rd3 Bf6 22. Re3 Rf8 23. Ne7+ Kh8 24. Nd5 c4 25. Nd2 Bg5 26. f4 Bd8 27. Rfe1 Ba5 28. Rd1 Rad8 29. Ra3 Rxd5 30. Rxa5 g6 31. Kf2 Re8 32. Rxa6 Kg7 33. Rc6 Red8 34. Ke2 Re8+ 35. Kf3 h5 36. a4 bxa4 37. Rxc4 a3 38. Ra4 Rc5 39. Rxa3 Rxc2 40. Ne4 Rc4 41. Nd6 Rcc8 42. Nxc8 Rxc8 43. Rd7 Rc6 44. Raa7 Rf6 45. h4 g5 46. hxg5 Rf5 47. g4 Rc5 48. Rxf7+ Kg6 49. Rg7# 1-0